[Event "CZE-chT2C 1213"]
[Site "Czech Republic"]
[Date "2013.02.17"]
[Round "9.1"]
[White "Kukla, Petr"]
[Black "Blazek, Jiri"]
[Result "0-1"]
[WhiteElo "2163"]
[BlackElo "2212"]
[PlyCount "80"]
[EventDate "2012.10.14"]
[EventType "team-tourn"]
[EventRounds "11"]
[EventCountry "CZE"]
[SourceTitle "EXT 2015"]
[Source "ChessBase"]
[SourceDate "2014.11.20"]
[SourceVersion "1"]
[SourceVersionDate "2014.11.20"]
[SourceQuality "1"]
[WhiteTeam "Cesky Krumlov"]
[BlackTeam "Tabor"]
[WhiteTeamCountry "CZE"]
[BlackTeamCountry "CZE"]

1. d4 Nf6 2. c4 c5 3. d5 e6 4. Nc3 exd5 5. cxd5 d6 6. e4 g6 7. f4 Bg7 8. Bb5+ Nfd7 9. Be2 0-0 10. Nf3 Nf6 11. 0-0 a6 12. a4 Bg4 13. h3 Bxf3 14. Bxf3 Nbd7 15. Re1 Ne8 16. Be3 Rb8 17. Qd3 Nc7 18. Rab1 b5 19. b4 cxb4 20. Rxb4 Nc5 21. Bxc5 dxc5 22. Rbb1 Ne6 23. axb5 Nxf4 24. Qd2 Qg5 25. Kf1 axb5 26. Nxb5 Qg3 27. e5 Nxh3 28. Re2 Ng5 29. Qe3 Nxf3 30. Qxf3 Qg5 31. Qe4 Rbe8 32. Rbe1 Rxe5 33. Qxe5 Bxe5 34. Rxe5 Qd2 35. Nd6 f6 36. Re6 Qxd5 37. Ne8 Qd3+ 38. R1e2 c4 39. Re7 c3 40. Nc7 c2 0-1

[Event "CZE-chT2C 1213"]
[Site "Czech Republic"]
[Date "2013.01.06"]
[Round "6.1"]
[White "Kukla, Petr"]
[Black "Moravec, Vit"]
[Result "1/2-1/2"]
[WhiteElo "2163"]
[BlackElo "2120"]
[PlyCount "50"]
[EventDate "2012.10.14"]
[EventType "team-tourn"]
[EventRounds "11"]
[EventCountry "CZE"]
[SourceTitle "EXT 2015"]
[Source "ChessBase"]
[SourceDate "2014.11.20"]
[SourceVersion "1"]
[SourceVersionDate "2014.11.20"]
[SourceQuality "1"]
[WhiteTeam "Cesky Krumlov"]
[BlackTeam "Kutna Hora"]
[WhiteTeamCountry "CZE"]
[BlackTeamCountry "CZE"]

1. d4 Nf6 2. Nf3 e6 3. Nbd2 d5 4. e3 Be7 5. Bd3 0-0 6. Ne5 b6 7. 0-0 Bb7 8. f4 Ne4 9. c3 f6 10. Nef3 Nd7 11. Qc2 f5 12. Ne5 Nxe5 13. fxe5 c5 14. Nxe4 fxe4 15. Be2 Rxf1+ 16. Bxf1 Qc8 17. Qe2 a5 18. Qg4 Ba6 19. Bxa6 Rxa6 20. Bd2 c4 21. Be1 b5 22. Bh4 Qd8 23. Bxe7 Qxe7 24. a3 Rb6 25. Rf1 Ra6 1/2-1/2

[Event "CZE-chT2C 1213"]
[Site "Czech Republic"]
[Date "2012.12.02"]
[Round "4.1"]
[White "Kukla, Petr"]
[Black "Dolezal, Radoslav"]
[Result "0-1"]
[WhiteElo "2163"]
[BlackElo "2359"]
[PlyCount "110"]
[EventDate "2012.10.14"]
[EventType "team-tourn"]
[EventRounds "11"]
[EventCountry "CZE"]
[SourceTitle "EXT 2015"]
[Source "ChessBase"]
[SourceDate "2014.11.20"]
[SourceVersion "1"]
[SourceVersionDate "2014.11.20"]
[SourceQuality "1"]
[WhiteTeam "Cesky Krumlov"]
[BlackTeam "Ricany"]
[WhiteTeamCountry "CZE"]
[BlackTeamCountry "CZE"]

1. d4 Nf6 2. Nf3 e6 3. g3 b5 4. Bg2 Bb7 5. 0-0 c5 6. c3 Nc6 7. Bf4 d5 8. Nbd2 Bd6 9. Bxd6 Qxd6 10. Nb3 Nd7 11. Qd2 c4 12. Nc1 0-0 13. Qf4 Qxf4 14. gxf4 Nb6 15. Ne5 Ne7 16. e3 f6 17. Nf3 Kf7 18. Ne2 a5 19. Nd2 Nf5 20. Rfc1 Rfb8 21. e4 Nh4 22. Bh1 f5 23. exf5 Nxf5 24. Nf3 Ke7 25. Re1 Rf8 26. b3 Nd6 27. bxc4 Nbxc4 28. Rab1 Bc6 29. Ne5 Be8 30. Nxc4 Nxc4 31. Ng3 Kd6 32. f5 exf5 33. f4 Bc6 34. Re2 Rae8 35. Kf2 Rxe2+ 36. Nxe2 Rf6 37. Rg1 g6 38. h4 Be8 39. Nc1 Re6 40. Nd3 Re3 41. Rg3 Rxg3 42. Kxg3 Nd2 43. Nb2 Nb1 44. Nd1 b4 45. cxb4 axb4 46. Ne3 Nc3 47. Bf3 Bc6 48. h5 Nxa2 49. Nd1 Nc3 50. hxg6 hxg6 51. Nxc3 bxc3 52. Bd1 Bb5 53. Bc2 Kc6 54. Kh4 Be2 55. Kg5 Bf3 0-1

[Event "CZE-chT2A 1112"]
[Site "Czech Republic"]
[Date "2012.02.19"]
[Round "8"]
[White "Folk, Petr"]
[Black "Kukla, Petr"]
[Result "1/2-1/2"]
[WhiteElo "2238"]
[BlackElo "2168"]
[PlyCount "64"]
[EventDate "2011.10.09"]
[EventType "team-tourn"]
[EventRounds "11"]
[EventCountry "CZE"]
[SourceTitle "EXT 2013"]
[Source "ChessBase"]
[SourceDate "2012.11.22"]
[SourceVersion "1"]
[SourceVersionDate "2012.11.22"]
[SourceQuality "1"]
[WhiteTeam "Plzen Sokol"]
[BlackTeam "Cesky Krumlov"]
[WhiteTeamCountry "CZE"]
[BlackTeamCountry "CZE"]

1. e4 e6 2. d4 d5 3. Nc3 Nf6 4. e5 Nfd7 5. f4 c5 6. Nf3 Nc6 7. Be3 a6 8. Qd2 b5 9. a3 Qa5 10. Ra2 Qb6 11. Ne2 b4 12. axb4 Nxb4 13. Ra1 a5 14. g3 Nc6 15. b3 Ba6 16. Bh3 Bxe2 17. Kxe2 cxd4 18. Nxd4 Nxd4+ 19. Bxd4 Bc5 20. Rhd1 0-0 21. Bxc5 Nxc5 22. Qd4 Qc6 23. Bg2 Rfb8 24. Kf1 Rb4 25. Qd2 Qb6 26. Bf3 h6 27. Kg2 Ne4 28. Bxe4 Rxe4 29. Re1 Rxe1 30. Rxe1 Rc8 31. Ra1 Rc5 32. Kh3 Qb5 1/2-1/2

[Event "CZE-chT2A 1112"]
[Site "Czech Republic"]
[Date "2011.10.09"]
[Round "1"]
[White "Kukla, Petr"]
[Black "Fiala, Robert"]
[Result "0-1"]
[WhiteElo "2168"]
[BlackElo "2288"]
[PlyCount "64"]
[EventDate "2011.10.09"]
[EventType "team-tourn"]
[EventRounds "11"]
[EventCountry "CZE"]
[SourceTitle "EXT 2013"]
[Source "ChessBase"]
[SourceDate "2012.11.22"]
[SourceVersion "1"]
[SourceVersionDate "2012.11.22"]
[SourceQuality "1"]
[WhiteTeam "Cesky Krumlov"]
[BlackTeam "Plzen Letna"]
[WhiteTeamCountry "CZE"]
[BlackTeamCountry "CZE"]

1. d4 d5 2. Nf3 Bg4 3. Ne5 Bf5 4. c4 f6 5. Nf3 c6 6. cxd5 cxd5 7. Nc3 e6 8. Nh4 Bg4 9. h3 Bh5 10. Qb3 Qd7 11. g4 Bf7 12. g5 Nc6 13. e3 Bd6 14. gxf6 Nxf6 15. f4 g5 16. Nf3 gxf4 17. exf4 Nh5 18. Ne2 Bg6 19. Ne5 Qe7 20. Be3 Be4 21. Rg1 Bb4+ 22. Kd1 a6 23. Nc3 Bf5 24. Nxc6 bxc6 25. Qa4 Kf7 26. Kd2 Rab8 27. Bd3 Nf6 28. Rac1 c5 29. dxc5 d4 30. Bxd4 Rhd8 31. Bxf5 Rxd4+ 32. Ke3 Bxc3 0-1

[Event "CZE-chT2A 1011"]
[Site "Czech Republic"]
[Date "2011.04.10"]
[Round "11"]
[White "Janocko, Petr"]
[Black "Kukla, Petr"]
[Result "1/2-1/2"]
[WhiteElo "2087"]
[BlackElo "2156"]
[PlyCount "50"]
[EventDate "2010.10.17"]
[EventType "team-tourn"]
[EventRounds "11"]
[EventCountry "CZE"]
[SourceTitle "EXT 2012"]
[Source "ChessBase"]
[SourceDate "2011.11.24"]
[SourceVersion "1"]
[SourceVersionDate "2011.11.24"]
[SourceQuality "1"]
[WhiteTeam "Plzen Letna"]
[BlackTeam "Cesky Krumlov"]
[WhiteTeamCountry "CZE"]
[BlackTeamCountry "CZE"]

1. d4 d5 2. c4 c6 3. cxd5 cxd5 4. Nc3 Nf6 5. Nf3 Nc6 6. g3 Bf5 7. Bg2 e6 8. 0-0 Bd6 9. Nh4 Bg4 10. Qa4 a6 11. Bg5 b5 12. Bxf6 gxf6 13. Qd1 Qb6 14. h3 Bh5 15. g4 Bg6 16. e4 Bxe4 17. Nxe4 dxe4 18. d5 Nd4 19. dxe6 fxe6 20. Bxe4 Rd8 21. Qe1 0-0 22. Nf3 Nxf3+ 23. Bxf3 Be5 24. Rc1 Qd4 25. Qe4 Qxe4 1/2-1/2

[Event "CZE-chT2A 1011"]
[Site "Czech Republic"]
[Date "2010.11.21"]
[Round "3"]
[White "Kukla, Petr"]
[Black "Vedral, Oldrich"]
[Result "0-1"]
[WhiteElo "2156"]
[BlackElo "2256"]
[PlyCount "106"]
[EventDate "2010.10.17"]
[EventType "team-tourn"]
[EventRounds "11"]
[EventCountry "CZE"]
[SourceTitle "EXT 2012"]
[Source "ChessBase"]
[SourceDate "2011.11.24"]
[SourceVersion "1"]
[SourceVersionDate "2011.11.24"]
[SourceQuality "1"]
[WhiteTeam "Cesky Krumlov"]
[BlackTeam "Praha Oaza"]
[WhiteTeamCountry "CZE"]
[BlackTeamCountry "CZE"]

1. d4 d5 2. c4 e5 3. dxe5 d4 4. Nf3 Nc6 5. a3 Nge7 6. e3 Bg4 7. Be2 dxe3 8. Bxe3 Qxd1+ 9. Bxd1 0-0-0 10. 0-0 Bxf3 11. Bxf3 Nxe5 12. Be2 Nf5 13. Bf4 Nd4 14. Bxe5 Nxe2+ 15. Kh1 f6 16. Bc3 Bc5 17. g3 Rhe8 18. Kg2 Re4 19. b3 Rd3 20. Bb4 Bxb4 21. axb4 a6 22. Ra2 Nd4 23. Rc1 Nxb3 24. Rcc2 Nd4 25. Rc3 Rxc3 26. Nxc3 Re1 27. b5 axb5 28. Ra8+ Kd7 29. cxb5 Rc1 30. Ra3 f5 31. h4 Kd6 32. Na2 Re1 33. Rd3 Kc5 34. Rc3+ Kb6 35. Nb4 Re5 36. Rd3 Kc5 37. f4 Re2+ 38. Kf1 Re7 39. Na2 Nxb5 40. Nc1 Kb6 41. Rd5 Nd6 42. Nd3 Nc4 43. Kf2 Ne3 44. Rd8 Ng4+ 45. Kg2 c5 46. Rc8 c4 47. Nb4 Kb5 48. Nd5 Ne3+ 49. Nxe3 Rxe3 50. Rc7 b6 51. Rxg7 Re6 52. Rxh7 c3 53. Rc7 Rc6 0-1

[Event "CZE-chT2A 1011"]
[Site "Czech Republic"]
[Date "2010.11.07"]
[Round "2"]
[White "Turner, Radek"]
[Black "Kukla, Petr"]
[Result "0-1"]
[WhiteElo "2168"]
[BlackElo "2156"]
[PlyCount "72"]
[EventDate "2010.10.17"]
[EventType "team-tourn"]
[EventRounds "11"]
[EventCountry "CZE"]
[SourceTitle "EXT 2012"]
[Source "ChessBase"]
[SourceDate "2011.11.24"]
[SourceVersion "1"]
[SourceVersionDate "2011.11.24"]
[SourceQuality "1"]
[WhiteTeam "Line"]
[BlackTeam "Cesky Krumlov"]
[WhiteTeamCountry "CZE"]
[BlackTeamCountry "CZE"]

1. c4 e6 2. g3 d5 3. Bg2 c6 4. Qc2 Nf6 5. Nf3 Be7 6. d4 Nbd7 7. Nbd2 0-0 8. 0-0 Re8 9. Rd1 b6 10. b3 Bb7 11. Bb2 Rc8 12. Rac1 Bd6 13. Ne5 c5 14. Nxd7 Nxd7 15. dxc5 bxc5 16. cxd5 exd5 17. Nc4 dxc4 18. Rxd6 Bxg2 19. Qc3 Qg5 20. Rxd7 Bh3 21. Rd5 Qf6 22. Qd2 Qe6 23. Re5 Qc6 24. Rxe8+ Rxe8 25. f3 cxb3 26. axb3 Qe6 27. e4 Qxb3 28. Kf2 Qb6 29. Rc2 Rd8 30. Qe3 h5 31. Be5 Rd1 32. Qxc5 Rd2+ 33. Ke1 Rxc2 34. Qxc2 Qg1+ 35. Kd2 Qf2+ 36. Kc3 Qc5+ 0-1

[Event "CZE-chT2A 1011"]
[Site "Czech Republic"]
[Date "2010.10.17"]
[Round "1"]
[White "Kukla, Petr"]
[Black "Koubek, Vaclav1111"]
[Result "1-0"]
[WhiteElo "2156"]
[BlackElo "2140"]
[PlyCount "49"]
[EventDate "2010.10.17"]
[EventType "team-tourn"]
[EventRounds "11"]
[EventCountry "CZE"]
[SourceTitle "EXT 2012"]
[Source "ChessBase"]
[SourceDate "2011.11.24"]
[SourceVersion "1"]
[SourceVersionDate "2011.11.24"]
[SourceQuality "1"]
[WhiteTeam "Cesky Krumlov"]
[BlackTeam "Zizkov"]
[WhiteTeamCountry "CZE"]
[BlackTeamCountry "CZE"]

1. d4 d5 2. c4 c6 3. Nf3 Nf6 4. Nc3 dxc4 5. a4 Bf5 6. e3 Bd3 7. Bxd3 cxd3 8. Qxd3 e6 9. 0-0 Be7 10. Rb1 Na6 11. Qc4 0-0 12. b4 Nd5 13. Na2 Qd6 14. e4 Ndxb4 15. Ba3 c5 16. dxc5 Qd3 17. Rxb4 Qxa3 18. Rxb7 Bxc5 19. Nc1 Bb6 20. Qxa6 Rac8 21. Nd3 Rc2 22. Qb5 h6 23. a5 Qxa5 24. Qxa5 Bxa5 25. Rxa7 1-0

[Event "CZE-chT2A 0910"]
[Site "Czech Republic"]
[Date "2010.01.17"]
[Round "5.3"]
[White "Houska, Jiri"]
[Black "Kukla, Petr"]
[Result "1/2-1/2"]
[WhiteElo "2193"]
[BlackElo "2126"]
[PlyCount "55"]
[EventDate "2009.10.18"]
[EventType "team-tourn"]
[EventRounds "11"]
[EventCountry "CZE"]
[SourceTitle "EXT 2012"]
[Source "ChessBase"]
[SourceDate "2011.11.24"]
[SourceVersion "1"]
[SourceVersionDate "2011.11.24"]
[SourceQuality "1"]
[WhiteTeam "Plzen Letna"]
[BlackTeam "Cesky Krumlov"]
[WhiteTeamCountry "CZE"]
[BlackTeamCountry "CZE"]

1. e4 e6 2. d4 d5 3. Nd2 c5 4. Ngf3 Nf6 5. e5 Nfd7 6. c3 Nc6 7. Bd3 Qb6 8. 0-0 Be7 9. Re1 a6 10. c4 cxd4 11. cxd5 exd5 12. e6 fxe6 13. Ng5 Nce5 14. Ndf3 Bf6 15. Bf4 Nxf3+ 16. Qxf3 Nf8 17. h4 Bd7 18. Qxd5 Bxg5 19. Qxg5 Kf7 20. Be5 Ng6 21. Bxg6+ hxg6 22. Qf4+ Kg8 23. Bxd4 Qb5 24. Re5 Qd3 25. Rg5 Rf8 26. Qe5 Rf7 27. Qb8+ Rf8 28. Qe5 1/2-1/2

[Event "CZE-chT2A 0910"]
[Site "Czech Republic"]
[Date "2009.11.17"]
[Round "4.3"]
[White "Kukla, Petr"]
[Black "Rosenzweig, Vladimir L"]
[Result "1/2-1/2"]
[WhiteElo "2126"]
[BlackElo "2151"]
[PlyCount "141"]
[EventDate "2009.10.18"]
[EventType "team-tourn"]
[EventRounds "11"]
[EventCountry "CZE"]
[SourceTitle "EXT 2012"]
[Source "ChessBase"]
[SourceDate "2011.11.24"]
[SourceVersion "1"]
[SourceVersionDate "2011.11.24"]
[SourceQuality "1"]
[WhiteTeam "Cesky Krumlov"]
[BlackTeam "Tabor"]
[WhiteTeamCountry "CZE"]
[BlackTeamCountry "CZE"]

1. d4 g6 2. Nf3 Bg7 3. g3 c5 4. c3 d6 5. dxc5 dxc5 6. Qxd8+ Kxd8 7. Bg2 Nc6 8. 0-0 Kc7 9. Be3 b6 10. Bf4+ Kb7 11. Na3 f6 12. b4 e5 13. b5 exf4 14. bxc6+ Kb8 15. Nb5 Ba6 16. c7+ Kc8 17. Nd2 Bxb5 18. Bxa8 fxg3 19. hxg3 Kxc7 20. c4 Ba6 21. Rac1 Ne7 22. Bg2 Nc6 23. Bxc6 Kxc6 24. Rc3 Re8 25. e3 Bc8 26. Ra3 Re7 27. Nb1 Be6 28. Ra4 f5 29. Rc1 Rd7 30. Nc3 a5 31. Rc2 Rd3 32. Ne2 Kc7 33. Nc1 Rd1+ 34. Kg2 f4 35. e4 fxg3 36. fxg3 Rd4 37. Ne2 Rxe4 38. Nf4 Bf7 39. Kf3 Rd4 40. Ra3 g5 41. Nd5+ Bxd5+ 42. cxd5 g4+ 43. Ke3 Rxd5 44. Kf4 h5 45. Ra4 Kd6 46. Ke3 Bd4+ 47. Ke2 Re5+ 48. Kd1 Re3 49. Rh2 Re5 50. Ra3 c4 51. Rc2 Bc5 52. Ra4 Re3 53. Raxc4 Rxg3 54. Rh2 Rd3+ 55. Kc2 Rd5 56. a4 g3 57. Rg2 Bf2 58. Rh4 Rf5 59. Kd3 Rd5+ 60. Kc3 b5 61. axb5 Rxb5 62. Kc2 Ke6 63. Kd3 Kf6 64. Rf4+ Rf5 65. Rc4 Kg5 66. Rc8 Kg4 67. Ke4 Rf4+ 68. Ke5 Ra4 69. Rf8 h4 70. Rfxf2 h3 71. Rg1 1/2-1/2

[Event "CZE-chT2A 0910"]
[Site "Czech Republic"]
[Date "2009.10.18"]
[Round "1.4"]
[White "Jandecka, Tomas"]
[Black "Kukla, Petr"]
[Result "1/2-1/2"]
[WhiteElo "2174"]
[BlackElo "2126"]
[PlyCount "43"]
[EventDate "2009.10.18"]
[EventType "team-tourn"]
[EventRounds "11"]
[EventCountry "CZE"]
[SourceTitle "EXT 2012"]
[Source "ChessBase"]
[SourceDate "2011.11.24"]
[SourceVersion "1"]
[SourceVersionDate "2011.11.24"]
[SourceQuality "1"]
[WhiteTeam "Zizkov"]
[BlackTeam "Cesky Krumlov"]
[WhiteTeamCountry "CZE"]
[BlackTeamCountry "CZE"]

1. e4 e6 2. d4 d5 3. exd5 exd5 4. Nf3 Bd6 5. Bd3 Ne7 6. 0-0 0-0 7. Ng5 g6 8. c4 c6 9. Nc3 Bf5 10. c5 Bc7 11. g4 Bxd3 12. Qxd3 h6 13. Nh3 Kg7 14. Re1 Ng8 15. Bf4 Bxf4 16. Nxf4 Nd7 17. h3 Qg5 18. Qg3 Qf6 19. Nfe2 Rac8 20. Rad1 Rfe8 21. Rd3 Re6 22. Red1 1/2-1/2

[Event "Cesky Krumlov op 2nd"]
[Site "Cesky Krumlov"]
[Date "2008.10.16"]
[Round "7"]
[White "Walek, Milan"]
[Black "Kukla, Petr"]
[Result "1-0"]
[WhiteElo "2344"]
[BlackElo "2099"]
[PlyCount "110"]
[EventDate "2008.10.11"]
[EventType "swiss"]
[EventRounds "9"]
[EventCountry "CZE"]
[SourceTitle "CBM 126 Extra"]
[Source "ChessBase"]
[SourceDate "2008.11.05"]
[SourceVersion "1"]
[SourceVersionDate "2008.11.05"]
[SourceQuality "1"]

1. e4 e6 2. d4 d5 3. Nc3 dxe4 4. Nxe4 Nf6 5. Bg5 Be7 6. Bxf6 gxf6 7. Nf3 a6 8. Bc4 b5 9. Bb3 Bb7 10. Qe2 Bd5 11. Bxd5 Qxd5 12. 0-0 Nd7 13. Nc3 Qf5 14. d5 e5 15. a4 b4 16. Ne4 Rg8 17. Rfe1 Qg4 18. Ng3 Bc5 19. Qd3 h5 20. Re4 Qg6 21. Rh4 Qxd3 22. cxd3 Nb6 23. Rxh5 0-0-0 24. Rh7 Rgf8 25. Rc1 Rxd5 26. b3 Nd7 27. Ne1 Kd8 28. Kf1 Be7 29. Ke2 Nc5 30. Rb1 Ne6 31. Nf5 Ng5 32. Rh4 Bc5 33. Rc4 Ne6 34. g3 Kd7 35. Ng2 Rb8 36. Rbc1 Rb7 37. h4 Nd4+ 38. Nxd4 Bxd4 39. g4 c5 40. h5 f5 41. gxf5 Rb6 42. Ne3 Rdd6 43. Ng4 Rb8 44. Rh1 Rh8 45. h6 Rh7 46. Rh5 Kc6 47. Rc1 Kd5 48. Rch1 f6 49. f3 Kc6 50. R5h2 Kd7 51. Rg2 Ke8 52. Ne3 Bxe3 53. Kxe3 Kf7 54. Rg6 Rd7 55. Rhg1 Kf8 1-0

[Event "Strmilov op"]
[Site "Strmilov"]
[Date "2005.06.03"]
[Round "5"]
[White "Kukla, Petr"]
[Black "Steinhauser, Antonin"]
[Result "1-0"]
[WhiteElo "2031"]
[BlackElo "2019"]
[PlyCount "63"]
[EventDate "2005.06.01"]
[EventType "swiss"]
[EventRounds "6"]
[EventCountry "CZE"]
[SourceTitle "EXT 2006"]
[Source "ChessBase"]
[SourceDate "2005.11.24"]
[SourceVersion "1"]
[SourceVersionDate "2005.11.24"]
[SourceQuality "1"]

1. d4 Nf6 2. c4 g6 3. Nc3 Bg7 4. Nf3 0-0 5. e4 d6 6. Be2 e5 7. dxe5 dxe5 8. Qc2 Nc6 9. 0-0 Nd7 10. Nd5 Nb6 11. Bg5 f6 12. Be3 f5 13. Rad1 Nxd5 14. cxd5 Ne7 15. Ng5 f4 16. Bc5 Kh8 17. Qb3 Qe8 18. Bb5 Bd7 19. Bc4 Ba4 20. Qa3 Bf6 21. Ne6 Bxd1 22. Rxd1 Rc8 23. Nxf8 Qxf8 24. Qxa7 b6 25. Ba3 Ra8 26. Qb7 Rb8 27. Qa6 Qe8 28. Qb5 Qc8 29. Be2 Ng8 30. Qc6 Bg7 31. Rc1 Bf8 32. d6 1-0

[Event "Strmilov op"]
[Site "Strmilov"]
[Date "2005.06.01"]
[Round "2"]
[White "Biolek, Richard"]
[Black "Kukla, Petr"]
[Result "1-0"]
[WhiteElo "2457"]
[BlackElo "2031"]
[PlyCount "63"]
[EventDate "2005.06.01"]
[EventType "swiss"]
[EventRounds "6"]
[EventCountry "CZE"]
[SourceTitle "EXT 2006"]
[Source "ChessBase"]
[SourceDate "2005.11.24"]
[SourceVersion "1"]
[SourceVersionDate "2005.11.24"]
[SourceQuality "1"]

1. e4 e6 2. f4 d5 3. e5 c5 4. Nf3 Nc6 5. c3 Bd7 6. Na3 Nh6 7. Nc2 Be7 8. d4 0-0 9. Bd3 cxd4 10. cxd4 Nb4 11. Nxb4 Bxb4+ 12. Bd2 Qb6 13. Bxb4 Qxb4+ 14. Qd2 Qxd2+ 15. Kxd2 Rac8 16. Rac1 Rxc1 17. Rxc1 Rc8 18. Rxc8+ Bxc8 19. h3 g6 20. g4 Kf8 21. Nh4 Bd7 22. Kc3 Ng8 23. Ng2 Ne7 24. Ne3 h6 25. h4 Ke8 26. b4 Kd8 27. b5 Kc7 28. h5 Kb6 29. g5 Ng8 30. hxg6 fxg6 31. Bxg6 hxg5 32. fxg5 1-0

[Event "CZE-chTJ 0102"]
[Site "Czech Republic"]
[Date "2001.??.??"]
[Round "7"]
[White "Kukla, Petr"]
[Black "Cervenka, Jan"]
[Result "1/2-1/2"]
[WhiteElo "1970"]
[BlackElo "2016"]
[PlyCount "37"]
[EventDate "2001.??.??"]
[EventType "team"]
[EventRounds "11"]
[EventCountry "CZE"]
[SourceTitle "EXT 2003"]
[Source "ChessBase"]
[SourceDate "2002.11.25"]
[SourceVersion "1"]
[SourceVersionDate "2002.11.25"]
[SourceQuality "1"]
[WhiteTeam "Ceske Budejovice"]
[BlackTeam "Praha Dukla II"]
[WhiteTeamCountry "CZE"]
[BlackTeamCountry "CZE"]

1. d4 d5 2. c4 e6 3. g3 Nf6 4. Bg2 Be7 5. Nf3 0-0 6. Qc2 c6 7. 0-0 Nbd7 8. Nbd2 b6 9. Rd1 Bb7 10. e4 Nxe4 11. Nxe4 dxe4 12. Qxe4 Nf6 13. Qc2 Qc8 14. Bg5 c5 15. Qe2 Re8 16. Ne5 Bxg2 17. Kxg2 Qb7+ 18. Qf3 Qxf3+ 19. Kxf3 1/2-1/2

[Event "CZE-chTJ 0001"]
[Site "Czech Republic"]
[Date "2001.??.??"]
[Round "7"]
[White "Kukla, Petr"]
[Black "Cmiko, Jakub"]
[Result "1/2-1/2"]
[WhiteElo "1965"]
[BlackElo "2120"]
[PlyCount "87"]
[EventDate "2000.??.??"]
[EventType "team"]
[EventRounds "11"]
[EventCountry "CZE"]
[SourceTitle "EXT 2003"]
[Source "ChessBase"]
[SourceDate "2002.11.25"]
[SourceVersion "1"]
[SourceVersionDate "2002.11.25"]
[SourceQuality "1"]

1. d4 Nf6 2. Nf3 d6 3. c4 g6 4. Nc3 Bg7 5. e4 0-0 6. Be2 e5 7. d5 a5 8. 0-0 Na6 9. Qc2 Nh5 10. Ne1 Nf4 11. a3 f5 12. Bf3 g5 13. exf5 Bxf5 14. Be4 Qd7 15. Bxf5 Rxf5 16. Ne4 Raf8 17. Be3 h6 18. Rb1 R5f7 19. b4 axb4 20. axb4 Qg4 21. f3 Qd7 22. b5 Nb8 23. b6 c6 24. Qd2 c5 25. Ra1 Na6 26. Kh1 Bf6 27. Nd3 Be7 28. Rfe1 g4 29. Bxf4 exf4 30. Ndf2 h5 31. Nd3 Qf5 32. Qe2 Rg7 33. Nef2 Kh8 34. Qe4 Qg5 35. Ra2 Rh7 36. fxg4 hxg4 37. Qe6 g3 38. Ng4 f3 39. gxf3 Rxf3 40. Qc8+ Rf8 41. Qe6 Rf3 42. Qc8+ Rf8 43. Qe6 Rf3 44. Qc8+ 1/2-1/2

[Event "Ceske Budejovice op"]
[Site "Ceske Budejovice"]
[Date "2000.??.??"]
[Round "6"]
[White "Kukla, Petr"]
[Black "Hladik, Lumir"]
[Result "1/2-1/2"]
[WhiteElo "1920"]
[BlackElo "2060"]
[PlyCount "63"]
[EventDate "2000.??.??"]
[EventType "swiss"]
[EventRounds "9"]
[EventCountry "CZE"]
[SourceTitle "EXT 2003"]
[Source "ChessBase"]
[SourceDate "2002.11.25"]
[SourceVersion "1"]
[SourceVersionDate "2002.11.25"]
[SourceQuality "1"]

1. Nf3 Nf6 2. c4 c5 3. Nc3 Nc6 4. g3 e5 5. e4 d6 6. Bg2 Be7 7. 0-0 Bg4 8. d3 Qd7 9. Be3 0-0 10. Qd2 Nd4 11. Bxd4 cxd4 12. Nd5 Nxd5 13. cxd5 Rac8 14. Rfc1 h6 15. Qb4 Rxc1+ 16. Rxc1 Rc8 17. Rc4 b5 18. Rxc8+ Qxc8 19. h3 Bd7 20. Kh2 Qa6 21. Nxe5 Be8 22. Nc6 Bxc6 23. dxc6 Qxc6 24. e5 Qc5 25. Qxc5 dxc5 26. Bc6 a6 27. Bb7 c4 28. dxc4 bxc4 29. Bxa6 c3 30. bxc3 dxc3 31. Bd3 Bc5 32. Kg2 1/2-1/2

[Event "CZE-chTJ 0001"]
[Site "Czech Republic"]
[Date "2000.??.??"]
[Round "7"]
[White "Masek, Miroslav"]
[Black "Kukla, Petr"]
[Result "1-0"]
[WhiteElo "2165"]
[BlackElo "1965"]
[PlyCount "79"]
[EventDate "2000.??.??"]
[EventType "team"]
[EventRounds "11"]
[EventCountry "CZE"]
[SourceTitle "EXT 2002"]
[Source "ChessBase"]
[SourceDate "2001.11.25"]
[SourceVersion "1"]
[SourceVersionDate "2001.11.25"]
[SourceQuality "1"]

1. d4 d5 2. c4 c6 3. Nc3 Nf6 4. Nf3 e6 5. Bg5 Nbd7 6. e3 Qa5 7. Qc2 Bb4 8. Nd2 0-0 9. Bh4 c5 10. a3 cxd4 11. exd4 Re8 12. 0-0-0 Bxc3 13. Qxc3 Qxc3+ 14. bxc3 b6 15. cxd5 exd5 16. Bb5 Re6 17. Rde1 a6 18. Bd3 Nf8 19. Rxe6 Bxe6 20. Bxf6 gxf6 21. f4 f5 22. Nf3 Ng6 23. g3 f6 24. Kb2 Kf7 25. Re1 Ra7 26. Kc2 Bd7 27. h4 h5 28. Nd2 Ne7 29. Be2 Kg6 30. Kb2 Bc8 31. Bf3 Rc7 32. Nf1 Ra7 33. Ne3 Rd7 34. Nc2 Nc6 35. Re8 Ne7 36. Bxd5 Nxd5 37. Rxc8 Re7 38. c4 Ne3 39. d5 Nd1+ 40. Kb3 1-0